书目信息 |
| 题名: |
爱因斯坦文集
|
|
| 作者: | 爱因斯坦 著 ;许良英 编译 | |
| 分册: | 第三卷 | |
| 出版信息: | 北京 商务印书馆 1979 |
|
| 页数: | 654页 | |
| 开本: | 20cm | |
| 丛书名: | ||
| 单 册: | ||
| 中图分类: | N53 | |
| 科图分类: | ||
| 主题词: | ||
| 电子资源: | ||
| ISBN: | ||
| 000 | 00669nam0 2200229 45 | |
| 001 | 0179007157 | |
| 005 | 20051123160826.50 | |
| 010 | @b精装@dCNY2.55 | |
| 091 | @a2017.212 | |
| 100 | @a19950725d1979 em y0chiy0121 ea | |
| 101 | 1 | @achi@cger |
| 102 | @aCN@b110000 | |
| 105 | @ay z 000yy | |
| 200 | 10 | @a爱因斯坦文集@Aai yin si tan wen ji@h第三卷@f(德)爱因斯坦著@F(de)ai yin si tan zhu@g许良英等编译 |
| 210 | @a北京@c商务印书馆@d1979 | |
| 215 | @a654页@c照片@d20cm | |
| 600 | 0 | @a爱因斯坦@x文集 |
| 690 | @aN53@v3 | |
| 701 | 0 | @a爱因斯坦@Aai yin si tan@4著 |
| 711 | 02 | @a许良英@Axu liang ying@4编译 |
| 801 | 0 | @aCN@bNLC@c20051123 |
| 905 | @f1@b99758@dN53@e121:3 | |
| 爱因斯坦文集.第三卷/(德)爱因斯坦著/许良英等编译.-北京:商务印书馆,1979 |
| 654页:照片;20cm |
| ISBN (精装):CNY2.55 |
| ● |
| 相关链接 |
|
|
|
|
正题名:爱因斯坦文集
索取号:N53/121:3
 
预约/预借
| 序号 | 登录号 | 条形码 | 馆藏地/架位号 | 状态 | 备注 |
| 1 | 0099758 | 001201416 | 第三借阅区/ [索取号:N53/121:3] | 在馆 | |
| 2 | 0099759 | 202149825 | 密集书库/ [索取号:N53/121:3] | 在馆 | |
| 3 | 0099760 | 202149816 | 密集书库/ [索取号:N53/121:3] | 在馆 | |
| 4 | 0099761 | 202149709 | 密集书库/ [索取号:N53/121:3] | 在馆 | |
| 5 | 0099762 | 001201470 | 第二样本阅览室/ [索取号:N53/121:3] | 在馆 |